A Study on Advertisement and Sales Promotion Technique with Special Reference of Consumer Durables (Record no. 359258)
[ view plain ]
| 000 -LEADER | |
|---|---|
| fixed length control field | 00462nam a22001457a 4500 |
| 005 - DATE AND TIME OF LATEST TRANSACTION | |
| control field | 20240813111947.0 |
| 008 - FIXED-LENGTH DATA ELEMENTS--GENERAL INFORMATION | |
| fixed length control field | 240806b |||||||| |||| 00| 0 eng d |
| 041 ## - LANGUAGE CODE | |
| Language code of text/sound track or separate title | eng |
| 082 ## - DEWEY DECIMAL CLASSIFICATION NUMBER | |
| Item number | GAN |
| 100 ## - MAIN ENTRY--PERSONAL NAME | |
| Author | Ganjare Vaishnavi-2K201149 & Dr. Kamlakar Munde-Guide |
| 245 ## - TITLE STATEMENT | |
| Title | A Study on Advertisement and Sales Promotion Technique with Special Reference of Consumer Durables |
| 260 ## - PUBLICATION, DISTRIBUTION, ETC. | |
| Place of publication, distribution, etc. | Pune |
| Name of publisher, distributor, etc. | SPPU |
| Date of publication, distribution, etc. | March 2022 |
| 300 ## - PHYSICAL DESCRIPTION | |
| Extent | 59p |
| Dimensions | Hard Bound |
| 942 ## - ADDED ENTRY ELEMENTS (KOHA) | |
| Koha item type | Project Reports |
| Withdrawn status | Lost status | Source of classification or shelving scheme | Damaged status | Not for loan | Home library | Current library | Date acquired | Barcode | Date last seen | Bill Date | Koha item type | Original Barcode |
|---|---|---|---|---|---|---|---|---|---|---|---|---|
| Dewey Decimal Classification | Smt. Hiraben Nanavati Institute of Management & Research for Women | Smt. Hiraben Nanavati Institute of Management & Research for Women | 30/03/2022 | HIMR-PR-727 | 06/08/2024 | 06/08/2024 | Project Reports | PR0727 |